000 00515 a2200205 4500
001 111865
020 _a0329011839
020 _a1895688043 (pbk.)
041 _apor
090 _aP Year 3 520
092 _a92095063
250 _a. ed.
300 _a32 p.
697 _aAstronomy
040 _aBR-BrIDEA
_cBR-BrIDEA
100 _aAllen, David A.
_d1946
245 1 0 _aSky
_ball about planets, stars, galaxies, eclipses and more
_c David A Allen
260 _a[S.l.]
_bGreey de Pencier ;
_c1993
942 _cBK
999 _c111865
_d111865